| 000 | 02030nam a22002537a 4500 | ||
|---|---|---|---|
| 999 |
_c59506 _d59506 |
||
| 003 | Ge_BSU | ||
| 005 | 20230306121808.0 | ||
| 008 | 230306s2019 ge ||||| |||| 00| 0 geo d | ||
| 020 | _a9789941809941 | ||
| 040 | _ageo | ||
| 041 | _ageo | ||
| 080 | _a351.96(479.22) + 328.36(479.22) ო-93 | ||
| 245 |
_aოცი წელი საპარლამენტო კონტროლის გარეშე : _bუმაღლესი წარმომადგენლობითი ორგანოს ზედამხედველობა უსაფრთხოების სექტორის საქმიანობაზე საქართველოში / _cკვლევის ხელმძღვანელი და სამეცნიერო რედაქტორი ვახუშტი მენაბდე ; რედაქტორი ზაალ ჩხეიძე ; დიზაინერი თორნიკე ლორთქიფანიძე. |
||
| 250 | _aმე-2 გადამუშავებული გამოცემა. | ||
| 264 |
_aთბილისი, _c2019. |
||
| 300 |
_a190 გვ. ; _b24 სმ. |
||
| 500 | _aგამოცემულია ფონდ ”ღია საზოგადოება - საქართველოს” ფინანსური მხარდაჭერით | ||
| 504 | _aბიბლიოგრაფია ტექსტის შენიშვნებში და გვ. 180-188. | ||
| 653 | _aსაპარლამენტო კონტროლი საქართველოში | ||
| 700 |
_aმენაბდე, ვახუშტი _eრედაქტორი, კვლევის ხელმძღვანელი _917101 |
||
| 700 |
_aჩხეიძე, ზაალ _eრედაქტორი _92244 |
||
| 700 |
_aლორთქიფანიძე, თორნიკე _eდიზაინერი _917102 |
||
| 942 |
_2udc _cBK |
||